000
00190 a2200097 4500
020
_a
9780439574600
041
_a
eng
100
_a
McNamara,Margaret
245
_a
the pumpkin Patch
942
_c
BK
999
_c
8831
_d
8831